000 01519nam0a2200361 4500
001 RU\NLR\BIBL_A\022633686
005 20260113145101.0
010 _a978-5-04-213309-1
_92000
021 _aRU
_bКН-П-25-048503
_9КН-П-25-4695
035 _a(NLR Aleph) 022633686
090 _a13513718
_c13513718
100 _a20250930d2025 u y0rusy50 ca
101 1 _arus
_cspa
102 _aRU
105 _ay z 000zy
181 0 _ai
_baxxe
182 0 _an
200 1 _aИндиана Джонс. Путешествие по следам героя
_fСальва Рубио
_gперевод с испанского Олега Перфильева
203 _aТекст
_bвизуальный
_cнепосредственный
210 _aМосква
_cЭксмо, Fanzon
_d2025
215 _a444, [1] с.
_d22
300 _aЗагл. и авт ориг.: Tras los Pasos de Indiana Jones / Salva Rubio
320 _aБиблиогр.: с. 426-431
320 _aФильмы и др. произведения в конце кн.
333 _a16+
454 0 _12001#$aTras los Pasos de Indiana Jones$fSalva Rubio
_1210##
_1700#1$aRubio$bS.$gSalva
_1701#1
605 _a"Индиана Джонс"
_lсерия кинофильмов
_2nlr_sh2
_3RU\NLR\AUTH\6601764675
686 1 _aЩ374.3(7США)6-7"Индиана Джонс"
700 1 _aРубио
_bС.
_f1978-
_gСальва
_3RU\NLR\AUTH\770185340
942 _cBOOK
980 _aNB